000 00486nam a2200157Ia 4500
008 210423s2003 xx 000 0 und d
020 _a052181328x
041 _aeng
082 _a791.43 PERP
100 _aPERSSON (Per).
245 _aUnderstanding cinema: a psychological theory of moving imagery.
260 _aUK
_bCambridge University Press
_c2003
300 _ax,281
_bPB
365 _b1995
_cINR
906 _acinema: ; imagery. ; moving ; psychological ; theory ; Understanding
999 _c159376
_d159376